[Event "CEDIS Festival saha 2023 - finale"]
[Site "Podgorica"]
[Date "2023.12.03"]
[Round "5.1"]
[White "Djukanovic, Sreten"]
[Black "Abramovic, Dragoljub"]
[Result "0-1"]
[WhiteElo "2111"]
[BlackElo "2024"]
[PlyCount "58"]
[EventDate "2023.12.01"]
[EventType "tourn"]
[EventRounds "9"]
[EventCountry "MNE"]

1. d4 e6 2. c4 Bb4+ 3. Nc3 Nf6 4. Qc2 c5 5. dxc5 Qa5 6. Bd2 Na6 7. a3 Nxc5 8.
O-O-O Bxc3 9. Bxc3 Qc7 10. b4 Nce4 11. Be1 a5 12. f3 Qf4+ 13. Kb1 axb4 14. axb4
Qe5 15. Qb2 Qf5 16. Rd3 b5 17. c5 Bb7 18. g4 Nxg4 19. Qxg7 Ngf6 20. fxe4 Bxe4
21. Qxh8+ Ke7 22. Qxa8 Bxa8 23. Nf3 Be4 24. Nd4 Bxd3+ 25. exd3 Qd5 26. Rg1 Qxd4
27. Rg3 Ne4 28. Rf3 Nc3+ 29. Kc2 Nd5 0-1

[Event "CEDIS Festival saha 2023 - finale"]
[Site "Podgorica"]
[Date "2023.12.03"]
[Round "5.2"]
[White "Djukic, Katarina"]
[Black "Grbovic, Dino"]
[Result "0-1"]
[WhiteElo "1682"]
[BlackElo "1914"]
[PlyCount "82"]
[EventDate "2023.12.01"]
[EventType "tourn"]
[EventRounds "9"]
[EventCountry "MNE"]

1. e4 e6 2. d4 d5 3. Nc3 Bb4 4. e5 c5 5. a3 Bxc3+ 6. bxc3 Ne7 7. Qg4 Qc7 8. Bd3
c4 9. Be2 Qa5 10. Bd2 Nf5 11. h4 Bd7 12. h5 h6 13. Nf3 Nc6 14. Nh4 Nce7 15.
Nxf5 Nxf5 16. Qf4 Ba4 17. g4 Ne7 18. Rc1 Qc7 19. Qg3 O-O-O 20. f4 Kb8 21. O-O
g6 22. Kh1 gxh5 23. Rg1 hxg4 24. Bxg4 Rdg8 25. Qf2 h5 26. Bh3 Rxg1+ 27. Qxg1
Rg8 28. Qf2 Qc8 29. Be3 Nf5 30. Bxf5 exf5 31. Qh4 Qe6 32. Rg1 Rxg1+ 33. Bxg1
Bxc2 34. Qxh5 Be4+ 35. Kh2 Qb6 36. Qh4 Qb2+ 37. Bf2 a6 38. Qg3 Qxa3 39. Qg8+
Ka7 40. Qxf7 Qb2 41. Kg3 Qe2 0-1

[Event "CEDIS Festival saha 2023 - finale"]
[Site "Podgorica"]
[Date "2023.12.03"]
[Round "5.3"]
[White "Vesovic, Nebojsa"]
[Black "Svrkota, Milos"]
[Result "0-1"]
[WhiteElo "1792"]
[BlackElo "1518"]
[PlyCount "100"]
[EventDate "2023.12.01"]
[EventType "tourn"]
[EventRounds "9"]
[EventCountry "MNE"]

1. c4 e6 2. Nf3 Nf6 3. Nc3 d5 4. d4 Be7 5. Bg5 O-O 6. e3 Nbd7 7. Bd3 dxc4 8.
Bxc4 a6 9. O-O b5 10. Bd3 Bb7 11. a4 b4 12. Ne2 a5 13. Ng3 c5 14. Qe2 Rc8 15.
Rac1 h6 16. Bf4 Nb6 17. b3 Nbd5 18. Be5 Nc3 19. Qd2 Bd6 20. Bxd6 Qxd6 21. Rfe1
Rfd8 22. e4 Qb6 23. e5 Ne8 24. dxc5 Qxc5 25. Qe3 Qxe3 26. Rxe3 h5 27. Bc4 Bxf3
28. gxf3 Nc7 29. Nxh5 N7d5 30. Ree1 Nb6 31. Bf1 Rd2 32. Ng3 Rb2 33. Ne4 Rxb3
34. Nxc3 Rbxc3 35. Rxc3 Rxc3 36. Kg2 Nxa4 37. Ra1 b3 38. Bb5 b2 39. Rxa4 b1=Q
40. Rxa5 Qg6+ 41. Kf1 Rc1+ 42. Ke2 Qc2+ 43. Ke3 Qc3+ 44. Kf4 g5+ 45. Kxg5 Qxe5+
46. Kg4 Qxh2 47. Kg5 Qe5+ 48. Kh4 Qf4+ 49. Kh3 Rh1+ 50. Kg2 Qh2# 0-1

[Event "CEDIS Festival saha 2023 - finale"]
[Site "Podgorica"]
[Date "2023.12.03"]
[Round "5.4"]
[White "Zherzdev, Mikhail"]
[Black "Zivkovic, Slaven"]
[Result "1-0"]
[WhiteElo "1534"]
[BlackElo "1900"]
[PlyCount "47"]
[EventDate "2023.12.01"]
[EventType "tourn"]
[EventRounds "9"]
[EventCountry "MNE"]

1. d4 Nf6 2. c4 e6 3. Nf3 d5 4. g3 h6 5. Bg2 Bd6 6. O-O O-O 7. Qc2 b6 8. Nbd2
Bb7 9. c5 Be7 10. Ne5 bxc5 11. dxc5 Nc6 12. Ndf3 Nd7 13. Nxc6 Bxc6 14. Nd4 Nb8
15. e4 Bf6 16. Nxc6 Nxc6 17. exd5 exd5 18. Rd1 Re8 19. Be3 Nb4 20. Qa4 Rb8 21.
a3 Rxe3 22. fxe3 Nc2 23. Qxc2 Rxb2 24. Qd3 1-0

[Event "CEDIS Festival saha 2023 - finale"]
[Site "Podgorica"]
[Date "2023.12.03"]
[Round "5.5"]
[White "Jeknic, Velimir"]
[Black "Jovancevic, Jovan"]
[Result "0-1"]
[WhiteElo "1898"]
[BlackElo "2093"]
[PlyCount "82"]
[EventDate "2023.12.01"]
[EventType "tourn"]
[EventRounds "9"]
[EventCountry "MNE"]

1. e4 c5 2. d4 cxd4 3. c3 dxc3 4. Bc4 e6 5. Nxc3 Nc6 6. Nf3 Bb4 7. O-O Nge7 8.
Bg5 O-O 9. e5 Bxc3 10. bxc3 Qc7 11. Qe2 Ng6 12. Rfe1 Ncxe5 13. Nxe5 Nxe5 14.
Bb3 Ng6 15. h4 f6 16. Bd2 Nxh4 17. Qh5 Ng6 18. Re4 d5 19. Rg4 Qe5 20. Qh3 Qf5
21. Qg3 Rf7 22. Re1 Bd7 23. Rb4 Bc6 24. Re3 a5 25. Rg4 e5 26. f3 h5 27. Rxg6
Kh7 28. Rg4 hxg4 29. fxg4 Qb1+ 30. Re1 Qg6 31. Re3 Rh8 32. Rf3 a4 33. Bd1 Qb1
34. Qe1 a3 35. g5 Kg8 36. c4 dxc4 37. Rxa3 Qe4 38. Qf2 b5 39. Re3 Qh4 40. Qxh4
Rxh4 41. g6 Rd7 0-1

[Event "CEDIS Festival saha 2023 - finale"]
[Site "Podgorica"]
[Date "2023.12.08"]
[Round "6.1"]
[White "Abramovic, Dragoljub"]
[Black "Jovancevic, Jovan"]
[Result "1-0"]
[WhiteElo "2024"]
[BlackElo "2093"]
[PlyCount "93"]
[EventDate "2023.12.01"]
[EventType "tourn"]
[EventRounds "9"]
[EventCountry "MNE"]

1. d4 d5 2. Bf4 c5 3. e3 Nc6 4. Nf3 cxd4 5. exd4 Bf5 6. Bd3 Bxd3 7. Qxd3 e6 8.
O-O Nf6 9. Nbd2 Be7 10. c3 O-O 11. Ne5 Rc8 12. h3 Qb6 13. Bg5 Rc7 14. Bf4 Rfc8
15. Rab1 a5 16. Ndf3 Nxe5 17. Bxe5 Rc6 18. Ng5 h6 19. Bxf6 Bxf6 20. Qh7+ Kf8
21. Nf3 Qc7 22. Rbe1 b5 23. Ne5 Rb6 24. Ng4 Qd8 25. Nxf6 gxf6 26. Qxh6+ Ke7 27.
Re3 Kd7 28. Rf3 f5 29. g4 Rcc6 30. Qh7 Qf6 31. gxf5 Kc7 32. a3 Rb8 33. Qh5 Rg8+
34. Kh1 Rg5 35. fxe6 Rxh5 36. Rxf6 Rxh3+ 37. Kg2 Rh7 38. Rxf7+ Rxf7 39. exf7
Rf6 40. f4 Rxf7 41. f5 b4 42. axb4 axb4 43. cxb4 Kb6 44. Kg3 Kb5 45. Kf4 Kxb4
46. Ke5 Kc4 47. f6 1-0

[Event "CEDIS Festival saha 2023 - finale"]
[Site "Podgorica"]
[Date "2023.12.08"]
[Round "6.2"]
[White "Zivkovic, Slaven"]
[Black "Jeknic, Velimir"]
[Result "1/2-1/2"]
[WhiteElo "1900"]
[BlackElo "1898"]
[PlyCount "34"]
[EventDate "2023.12.01"]
[EventType "tourn"]
[EventRounds "9"]
[EventCountry "MNE"]

1. e4 e6 2. d4 d5 3. Nc3 Nf6 4. exd5 Nxd5 5. Bd3 c5 6. Nf3 Nc6 7. Bb5 Qb6 8.
Ne5 Nxc3 9. Bxc6+ bxc6 10. bxc3 cxd4 11. Qf3 Qc7 12. cxd4 Bd6 13. O-O O-O 14.
Bf4 Rb8 15. Rab1 Ba6 16. Rfe1 Rxb1 17. Rxb1 c5 1/2-1/2

[Event "CEDIS Festival saha 2023 - finale"]
[Site "Podgorica"]
[Date "2023.12.08"]
[Round "6.3"]
[White "Svrkota, Milos"]
[Black "Zherzdev, Mikhail"]
[Result "1/2-1/2"]
[WhiteElo "1518"]
[BlackElo "1534"]
[PlyCount "86"]
[EventDate "2023.12.01"]
[EventType "tourn"]
[EventRounds "9"]
[EventCountry "MNE"]

1. e4 c5 2. Nf3 g6 3. d4 cxd4 4. Nxd4 Bg7 5. Nc3 Nc6 6. Be3 Nf6 7. Bc4 O-O 8.
f3 e6 9. Qd2 d5 10. exd5 Nxd5 11. Nxd5 Nxd4 12. Bxd4 exd5 13. Bxg7 Re8+ 14. Be2
Kxg7 15. O-O-O Be6 16. Kb1 Qf6 17. Qd4 Qxd4 18. Rxd4 Rec8 19. Rhd1 Rc5 20. c3
Re8 21. f4 Bf5+ 22. Bd3 Be4 23. Bxe4 dxe4 24. Re1 f5 25. Rd7+ Kf6 26. Rxb7 Rd5
27. Kc2 Red8 28. Re2 Rd3 29. Rb5 e3 30. Re5 Rd2+ 31. Rxd2 Rxd2+ 32. Kb3 Rxg2
33. Rxe3 Rf2 34. c4 Rxf4 35. Kc3 Rf1 36. c5 Rc1+ 37. Kb4 f4 38. Re8 g5 39. Kb5
Kf7 40. Re5 Kf6 41. Re8 Kf7 42. Re5 Kf6 43. Re8 Kf7 1/2-1/2

[Event "CEDIS Festival saha 2023 - finale"]
[Site "Podgorica"]
[Date "2023.12.08"]
[Round "6.4"]
[White "Grbovic, Dino"]
[Black "Vesovic, Nebojsa"]
[Result "1-0"]
[WhiteElo "1914"]
[BlackElo "1792"]
[PlyCount "157"]
[EventDate "2023.12.01"]
[EventType "tourn"]
[EventRounds "9"]
[EventCountry "MNE"]

1. d4 Nf6 2. c4 e6 3. g3 Be7 4. Bg2 d5 5. Nf3 c6 6. O-O Nbd7 7. Nc3 O-O 8. Nd2
h6 9. e4 dxe4 10. Ndxe4 Nxe4 11. Nxe4 Nb6 12. b3 f5 13. Nc3 Bf6 14. Be3 Qe7 15.
Qe2 Qb4 16. Rac1 a5 17. c5 Nd5 18. Qc4 Qxc4 19. bxc4 Nxe3 20. fxe3 Ra6 21. Na4
Bd7 22. Nb6 Be8 23. Rf2 Bg5 24. Rc3 Bf6 25. Rc1 g5 26. Rd2 Bd8 27. Nc8 f4 28.
e4 Bd7 29. Nd6 b6 30. cxb6 Rxb6 31. c5 Rb4 32. Nc4 Bc7 33. d5 exd5 34. exd5 f3
35. d6 Bd8 36. Ne5 Rb7 37. Bxf3 g4 38. Nxd7 Rxf3 39. Ne5 Rf5 40. Nxc6 Bg5 41.
Ne7+ Bxe7 42. dxe7 Rxe7 43. c6 Rff7 44. a4 Kg7 45. Rf2 Rc7 46. Rc5 Rf6 47. Rf4
Rg6 48. Rfc4 Kf7 49. Kf2 Rf6+ 50. Rf4 Ke6 51. Rxf6+ Kxf6 52. Ke3 Ke6 53. Kf4
Kd6 54. Rxa5 Rxc6 55. Kxg4 Ke6 56. Ra8 Kf6 57. a5 Kg6 58. Rb8 Rc4+ 59. Kh3 Ra4
60. Rb6+ Kg5 61. Rb5+ Kg6 62. g4 Ra2 63. Kg3 Kg7 64. h3 Rc2 65. Rb3 Ra2 66. Rb5
Kg6 67. Kh4 Ra4 68. Rb6+ Kg7 69. a6 Ra3 70. Rb7+ Kg6 71. Rb6+ Kg7 72. g5 hxg5+
73. Kxg5 Kf7 74. h4 Ra5+ 75. Kh6 Ra4 76. h5 Kg8 77. Kg6 Rg4+ 78. Kf5 Ra4 79.
Ke6 1-0

[Event "CEDIS Festival saha 2023 - finale"]
[Site "Podgorica"]
[Date "2023.12.08"]
[Round "6.5"]
[White "Djukanovic, Sreten"]
[Black "Djukic, Katarina"]
[Result "1-0"]
[WhiteElo "2111"]
[BlackElo "1682"]
[PlyCount "67"]
[EventDate "2023.12.01"]
[EventType "tourn"]
[EventRounds "9"]
[EventCountry "MNE"]

1. d4 Nf6 2. Nf3 g6 3. Bg5 Bg7 4. Nbd2 d5 5. c4 c5 6. cxd5 cxd4 7. Qa4+ Nbd7 8.
Qxd4 O-O 9. e4 Nb6 10. Qb4 a5 11. Qa3 Bg4 12. Be2 Bxf3 13. Bxf3 Nbd7 14. O-O
Ne5 15. Be2 Re8 16. h3 Rc8 17. Rac1 b6 18. Bb5 Rxc1 19. Rxc1 Rf8 20. Qe3 h5 21.
f4 Ned7 22. Bh4 Nc5 23. b3 Qb8 24. a3 Rc8 25. b4 axb4 26. axb4 Nb7 27. Rxc8+
Qxc8 28. Bc6 Qc7 29. e5 Nd7 30. Nf3 Bf8 31. e6 Nf6 32. exf7+ Kh8 33. Ne5 Kg7
34. Qd3 1-0

[Event "CEDIS Festival saha 2023 - finale"]
[Site "Podgorica"]
[Date "2023.12.09"]
[Round "7.1"]
[White "Djukic, Katarina"]
[Black "Abramovic, Dragoljub"]
[Result "0-1"]
[WhiteElo "1682"]
[BlackElo "2024"]
[PlyCount "86"]
[EventDate "2023.12.01"]
[EventType "tourn"]
[EventRounds "9"]
[EventCountry "MNE"]

1. e4 e6 2. d4 d5 3. Nc3 Bb4 4. e5 Qd7 5. Qg4 f5 6. Qg3 b6 7. h4 Ba6 8. Bxa6
Nxa6 9. Nh3 Bxc3+ 10. bxc3 O-O-O 11. a4 Kb7 12. Nf4 g6 13. O-O Ne7 14. Nd3 Nc6
15. Ba3 Na5 16. Nb2 Nc4 17. Nxc4 dxc4 18. Rfb1 Qc6 19. a5 g5 20. Be7 gxh4 21.
Qh3 Rd7 22. Bxh4 Rg8 23. axb6 cxb6 24. Kh2 Rdg7 25. g3 f4 26. Qg2 Qxg2+ 27.
Kxg2 fxg3 28. Bxg3 Nb8 29. Rb4 Rc8 30. Rba4 a5 31. Rd1 Rd7 32. Kf3 Nc6 33. Ke4
Ne7 34. f4 Nd5 35. Be1 Rf7 36. Bd2 Rxf4+ 37. Bxf4 Nxc3+ 38. Kf3 Nxd1 39. Ra1
Nc3 40. Rh1 Nd5 41. Rxh7+ Rc7 42. Rh6 Rf7 43. Rh4 a4 0-1

[Event "CEDIS Festival saha 2023 - finale"]
[Site "Podgorica"]
[Date "2023.12.09"]
[Round "7.2"]
[White "Vesovic, Nebojsa"]
[Black "Djukanovic, Sreten"]
[Result "0-1"]
[WhiteElo "1792"]
[BlackElo "2111"]
[PlyCount "100"]
[EventDate "2023.12.01"]
[EventType "tourn"]
[EventRounds "9"]
[EventCountry "MNE"]

1. e4 c5 2. Nc3 d6 3. Bb5+ Nc6 4. Nf3 Bd7 5. d3 e6 6. O-O Be7 7. a3 Nf6 8. Ne2
O-O 9. Ng3 Qc7 10. h3 a6 11. Bxc6 Bxc6 12. Re1 b5 13. c3 Qb7 14. Qe2 Rac8 15.
Nh2 a5 16. Ng4 Nd7 17. Nh5 g6 18. Nh6+ Kh8 19. Ng3 Rce8 20. d4 cxd4 21. cxd4
Bf6 22. Qd3 Bg7 23. Bd2 a4 24. Qe3 Nb6 25. Bc3 Nc4 26. Qc1 f6 27. h4 d5 28. f3
Qc7 29. Nf1 dxe4 30. fxe4 Qb7 31. Ng3 Qc7 32. Nf1 Rc8 33. Ng4 h5 34. Nf2 Kh7
35. Nh3 e5 36. d5 Bd7 37. Nf2 Bh6 38. Qd1 Qb6 39. Nh2 Bf4 40. Qe2 Bg3 41. Nf3
Bg4 42. Red1 Bxh4 43. Rd3 Nd6 44. Rf1 Rc4 45. Bb4 Rxe4 46. Qd1 Rxb4 47. axb4 e4
48. Rc3 e3 49. Rc5 exf2+ 50. Kh1 Ne4 0-1

[Event "CEDIS Festival saha 2023 - finale"]
[Site "Podgorica"]
[Date "2023.12.09"]
[Round "7.3"]
[White "Zherzdev, Mikhail"]
[Black "Grbovic, Dino"]
[Result "0-1"]
[WhiteElo "1534"]
[BlackElo "1914"]
[PlyCount "60"]
[EventDate "2023.12.01"]
[EventType "tourn"]
[EventRounds "9"]
[EventCountry "MNE"]

1. d4 Nf6 2. c4 g6 3. Nf3 Bg7 4. g3 O-O 5. Bg2 d6 6. O-O c5 7. Nc3 Nc6 8. d5
Na5 9. Qd3 a6 10. h3 Rb8 11. Rb1 b5 12. cxb5 c4 13. Qc2 axb5 14. a3 Bd7 15. e4
Qc7 16. Na2 Nxe4 17. Nb4 Nc5 18. Be3 Bf5 19. Qd1 Bxb1 20. Bxc5 Qxc5 21. Na6 Qa7
22. Nxb8 Bd3 23. Nc6 Nxc6 24. dxc6 Bxf1 25. Kxf1 Qc5 26. Qe2 e6 27. h4 Qxc6 28.
Ne5 Qc7 29. Ng4 c3 30. bxc3 Qc4 0-1

[Event "CEDIS Festival saha 2023 - finale"]
[Site "Podgorica"]
[Date "2023.12.09"]
[Round "7.4"]
[White "Jeknic, Velimir"]
[Black "Svrkota, Milos"]
[Result "1-0"]
[WhiteElo "1898"]
[BlackElo "1518"]
[PlyCount "89"]
[EventDate "2023.12.01"]
[EventType "tourn"]
[EventRounds "9"]
[EventCountry "MNE"]

1. e4 e5 2. d4 exd4 3. Nf3 Nc6 4. Bc4 Bb4+ 5. c3 dxc3 6. bxc3 Bc5 7. Bg5 Nge7
8. O-O O-O 9. Nd4 d6 10. Nxc6 bxc6 11. Nd2 Be6 12. Bd3 Qd7 13. Kh1 f5 14. Qc2
f4 15. Nb3 Bb6 16. Nd4 Bxd4 17. cxd4 Ng6 18. h4 h6 19. h5 Nh8 20. Bh4 g5 21. d5
cxd5 22. exd5 Bf5 23. Bxf5 Rxf5 24. Rac1 gxh4 25. Rfe1 Re5 26. Rxe5 dxe5 27.
Qe4 Re8 28. Rc6 Kg7 29. a4 Qf7 30. Qf3 Qf5 31. Rxc7+ Nf7 32. d6 Rd8 33. Qd5 Kf8
34. Rxa7 Rxd6 35. Rxf7+ Qxf7 36. Qxd6+ Kg7 37. Qxe5+ Kh7 38. a5 Qa7 39. Qf5+
Kh8 40. Qf6+ Kh7 41. Qg6+ Kh8 42. Qxh6+ Kg8 43. Qg6+ Kf8 44. Qf6+ Kg8 45. h6
1-0

[Event "CEDIS Festival saha 2023 - finale"]
[Site "Podgorica"]
[Date "2023.12.09"]
[Round "7.5"]
[White "Jovancevic, Jovan"]
[Black "Zivkovic, Slaven"]
[Result "1-0"]
[WhiteElo "2093"]
[BlackElo "1900"]
[PlyCount "91"]
[EventDate "2023.12.01"]
[EventType "tourn"]
[EventRounds "9"]
[EventCountry "MNE"]

1. b3 e5 2. Bb2 Nc6 3. c4 g6 4. e3 Bg7 5. Be2 Nf6 6. Nf3 d6 7. O-O O-O 8. d4
exd4 9. exd4 d5 10. Nc3 Re8 11. Rc1 Bf5 12. h3 Bh6 13. g4 Bxc1 14. Qxc1 Be4 15.
Rd1 a6 16. Ne5 dxc4 17. Bxc4 Bd5 18. Nxd5 Nxd5 19. Qh6 Nce7 20. Nxf7 Kxf7 21.
Qxh7+ Kf6 22. g5+ Kxg5 23. Qf7 Qd6 24. Rd3 Nf5 25. h4+ Kh5 26. Bxd5 Re1+ 27.
Kg2 Qf4 28. Qh7+ Qh6 29. Bf3+ Kxh4 30. Qxh6+ Nxh6 31. Bxb7 Rf8 32. Rh3+ Kg5 33.
Rg3+ Kh4 34. Bf3 Rf4 35. Bc3 Rxf3 36. Kxf3 Rd1 37. Ke2 Rh1 38. Rxg6 Nf5 39.
Rxa6 Rc1 40. Kd3 Nd6 41. Rc6 Nb5 42. f3 Rd1+ 43. Ke2 Rxd4 44. Be1+ Kh3 45. Kf1
Nd6 46. Rxc7 1-0

[Event "CEDIS Festival saha 2023 - finale"]
[Site "Podgorica"]
[Date "2023.12.09"]
[Round "8.1"]
[White "Abramovic, Dragoljub"]
[Black "Zivkovic, Slaven"]
[Result "0-1"]
[WhiteElo "2024"]
[BlackElo "1900"]
[PlyCount "80"]
[EventDate "2023.12.01"]
[EventType "tourn"]
[EventRounds "9"]
[EventCountry "MNE"]

1. d4 Nf6 2. Bf4 d5 3. Nf3 c5 4. e3 Nc6 5. c3 Qb6 6. Qb3 c4 7. Qc2 Bf5 8. Qc1
e6 9. Nbd2 h6 10. Be2 Be7 11. O-O O-O 12. Ne5 Rfd8 13. h3 a5 14. f3 Nxe5 15.
Bxe5 Nd7 16. g4 Bh7 17. Bg3 e5 18. Bd1 Bd6 19. f4 exd4 20. exd4 Re8 21. Bc2 Re2
22. Bxh7+ Kxh7 23. Qc2+ Kg8 24. Rae1 Rae8 25. Rxe2 Rxe2 26. Rf2 Rxf2 27. Kxf2
Qc7 28. Qf5 Nf6 29. Kf3 b5 30. Nf1 b4 31. g5 hxg5 32. fxg5 Ne4 33. Bxd6 Qxd6
34. Qc8+ Qf8 35. Qxf8+ Kxf8 36. cxb4 axb4 37. a4 c3 38. bxc3 b3 39. Ne3 b2 40.
Nxd5 b1=Q 0-1

[Event "CEDIS Festival saha 2023 - finale"]
[Site "Podgorica"]
[Date "2023.12.09"]
[Round "8.2"]
[White "Svrkota, Milos"]
[Black "Jovancevic, Jovan"]
[Result "0-1"]
[WhiteElo "1518"]
[BlackElo "2093"]
[PlyCount "94"]
[EventDate "2023.12.01"]
[EventType "tourn"]
[EventRounds "9"]
[EventCountry "MNE"]

1. e4 c5 2. Nf3 d6 3. d4 cxd4 4. Nxd4 Nf6 5. Nc3 a6 6. f3 e5 7. Nb3 Be6 8. Be3
Be7 9. Be2 O-O 10. Qd2 h5 11. O-O-O Nbd7 12. Kb1 Rc8 13. Rdg1 b5 14. h4 Nb6 15.
Bxb6 Qxb6 16. Nd5 Bxd5 17. exd5 b4 18. g4 hxg4 19. fxg4 a5 20. Bf3 a4 21. Nc1
Rc3 22. Qe2 Rfc8 23. bxc3 bxc3+ 24. Nb3 axb3 25. cxb3 c2+ 26. Kc1 Qd4 27. g5
Nxd5 28. Bxd5 Qxd5 29. Qd2 Qa8 30. Kb2 d5 31. Rc1 Qa3+ 32. Ka1 Bb4 33. Qxc2
Rxc2 34. Rxc2 d4 35. h5 Qa8 36. Rhc1 Bc3+ 37. Kb1 Qe4 38. h6 d3 39. Rxc3 d2+
40. Kb2 dxc1=Q+ 41. Kxc1 Qe1+ 42. Kb2 Qd2+ 43. Rc2 Qd4+ 44. Kb1 e4 45. g6 fxg6
46. hxg7 e3 47. Rc8+ Kxg7 0-1

[Event "CEDIS Festival saha 2023 - finale"]
[Site "Podgorica"]
[Date "2023.12.09"]
[Round "8.3"]
[White "Grbovic, Dino"]
[Black "Jeknic, Velimir"]
[Result "1-0"]
[WhiteElo "1914"]
[BlackElo "1898"]
[PlyCount "69"]
[EventDate "2023.12.01"]
[EventType "tourn"]
[EventRounds "9"]
[EventCountry "MNE"]

1. d4 Nf6 2. c4 g6 3. Nc3 Bg7 4. e4 d6 5. Nf3 O-O 6. Be2 e5 7. O-O Nc6 8. d5
Ne7 9. Ne1 h5 10. f3 Nh7 11. Be3 g5 12. c5 f5 13. cxd6 cxd6 14. Bf2 Ng6 15.
exf5 Bxf5 16. Bd3 Nf4 17. Bxf5 Rxf5 18. Ne4 Nf6 19. Ng3 Qd7 20. Qc2 e4 21. fxe4
Rc8 22. Qb3 Re5 23. Bd4 Ree8 24. Bxf6 Bxf6 25. Nd3 Bd4+ 26. Kh1 h4 27. Nxf4
gxf4 28. Nh5 Rxe4 29. Qd3 Qf5 30. Nxf4 Rce8 31. Ne6 Qe5 32. Qf3 Rxe6 33. Qf8+
Kh7 34. Rf7+ Kg6 35. Qg8+ 1-0

[Event "CEDIS Festival saha 2023 - finale"]
[Site "Podgorica"]
[Date "2023.12.09"]
[Round "8.4"]
[White "Djukanovic, Sreten"]
[Black "Zherzdev, Mikhail"]
[Result "0-1"]
[WhiteElo "2111"]
[BlackElo "1534"]
[PlyCount "84"]
[EventDate "2023.12.01"]
[EventType "tourn"]
[EventRounds "9"]
[EventCountry "MNE"]

1. d4 Nf6 2. c4 e6 3. a3 b6 4. Nc3 Bb7 5. d5 Be7 6. e4 d6 7. Nf3 O-O 8. Be2
exd5 9. cxd5 Nbd7 10. Nd4 Nc5 11. Qc2 a5 12. O-O Nfd7 13. Be3 Bf6 14. b4 Na6
15. Rab1 axb4 16. axb4 Ne5 17. f4 Ng6 18. g3 Bxd4 19. Bxd4 f6 20. Qb3 Kh8 21.
Ra1 Qd7 22. Ra2 Nb8 23. Rxa8 Bxa8 24. Ra1 Bb7 25. Ra7 c6 26. Qa4 f5 27. exf5
Ne7 28. f6 gxf6 29. Bf3 b5 30. Qd1 cxd5 31. Bg4 Qc6 32. Qe2 Nc8 33. Bxc8 Qxc8
34. Qe7 Nd7 35. Nxb5 Qc1+ 36. Kf2 Qc2+ 37. Qe2 Qc6 38. Nxd6 Qxd6 39. Rxb7 Rc8
40. Qg4 Rc2+ 41. Kf1 Qa6+ 42. Ke1 Qxb7 0-1

[Event "CEDIS Festival saha 2023 - finale"]
[Site "Podgorica"]
[Date "2023.12.09"]
[Round "8.5"]
[White "Djukic, Katarina"]
[Black "Vesovic, Nebojsa"]
[Result "1/2-1/2"]
[WhiteElo "1682"]
[BlackElo "1792"]
[PlyCount "39"]
[EventDate "2023.12.01"]
[EventType "tourn"]
[EventRounds "9"]
[EventCountry "MNE"]

1. e4 c5 2. Nf3 a6 3. c3 d5 4. exd5 Qxd5 5. d4 Nf6 6. Nbd2 Bg4 7. Bc4 Qd6 8.
Qb3 e6 9. a4 Qc7 10. O-O Bd6 11. h3 Bh5 12. Re1 O-O 13. dxc5 Bxc5 14. Ne5 Nc6
15. Nxc6 Qxc6 16. Nf1 Rac8 17. Bd3 Rfd8 18. Qc2 Bg6 19. Bxg6 hxg6 20. Be3
1/2-1/2

[Event "CEDIS Festival saha 2023 - finale"]
[Site "Podgorica"]
[Date "2023.12.10"]
[Round "9.1"]
[White "Vesovic, Nebojsa"]
[Black "Abramovic, Dragoljub"]
[Result "1-0"]
[WhiteElo "1792"]
[BlackElo "2024"]
[PlyCount "75"]
[EventDate "2023.12.01"]
[EventType "tourn"]
[EventRounds "9"]
[EventCountry "MNE"]

1. e4 c6 2. d4 d5 3. exd5 cxd5 4. Nf3 Bg4 5. Nbd2 Nc6 6. h3 Bh5 7. c3 e6 8. Be2
Nf6 9. O-O Bd6 10. Re1 O-O 11. Ne5 Bxe2 12. Qxe2 Qc7 13. Ng4 Nxg4 14. Qxg4 Ne7
15. Nf3 Ng6 16. h4 Rae8 17. h5 f5 18. Qh3 Nh8 19. h6 g6 20. Bd2 Nf7 21. Re2 Bf4
22. g3 Qc4 23. Rae1 Bxd2 24. Nxd2 Qxa2 25. Qh4 Qxb2 26. Ne4 fxe4 27. Rxb2 Nd6
28. Ra1 a6 29. Rb6 Nf5 30. Qg5 Rf7 31. Rab1 Ref8 32. g4 e3 33. gxf5 exf2+ 34.
Kf1 Rxf5 35. Qe7 R8f7 36. Qxe6 Rh5 37. Qe8+ Rf8 38. Rxg6+ 1-0

[Event "CEDIS Festival saha 2023 - finale"]
[Site "Podgorica"]
[Date "2023.12.10"]
[Round "9.2"]
[White "Zherzdev, Mikhail"]
[Black "Djukic, Katarina"]
[Result "1-0"]
[WhiteElo "1534"]
[BlackElo "1682"]
[PlyCount "69"]
[EventDate "2023.12.01"]
[EventType "tourn"]
[EventRounds "9"]
[EventCountry "MNE"]

1. d4 Nf6 2. c4 g6 3. Nf3 Bg7 4. g3 O-O 5. Bg2 d5 6. O-O dxc4 7. Nbd2 c5 8.
Nxc4 Be6 9. Ne3 Qc8 10. Bd2 Na6 11. Rc1 Bh3 12. dxc5 Bxg2 13. Kxg2 Ne4 14. Qc2
Nexc5 15. b4 Ne6 16. Qe4 Qb8 17. Rfd1 Rc8 18. Nd5 Rxc1 19. Bxc1 Qe8 20. Ng5
Nxg5 21. Bxg5 e6 22. Nf6+ Bxf6 23. Bxf6 Qc6 24. Qxc6 bxc6 25. a3 Nc7 26. Rd7
Nd5 27. Bd4 Nb6 28. Rc7 Nc4 29. a4 Nb6 30. Rxc6 Nd5 31. b5 a6 32. b6 Rb8 33. b7
Ne7 34. Rc7 Kf8 35. Ba7 1-0

[Event "CEDIS Festival saha 2023 - finale"]
[Site "Podgorica"]
[Date "2023.12.10"]
[Round "9.4"]
[White "Jovancevic, Jovan"]
[Black "Grbovic, Dino"]
[Result "1-0"]
[WhiteElo "2093"]
[BlackElo "1914"]
[PlyCount "85"]
[EventDate "2023.12.01"]
[EventType "tourn"]
[EventRounds "9"]
[EventCountry "MNE"]

1. d4 Nf6 2. c4 g6 3. Nc3 d5 4. Nf3 Bg7 5. Bf4 O-O 6. Rc1 Nh5 7. Bg5 h6 8. Bh4
dxc4 9. e3 g5 10. Bg3 Nxg3 11. hxg3 Bf5 12. Bxc4 e6 13. b4 Nd7 14. e4 Bg4 15.
e5 Nb6 16. Bd3 Qe7 17. Qb3 Rfd8 18. Ne2 a5 19. bxa5 Rxa5 20. O-O Ra3 21. Qb1
Nd5 22. Rfd1 Bxf3 23. gxf3 Qb4 24. Qc2 Qa5 25. Bc4 c6 26. Qe4 Nc3 27. Nxc3 Rxc3
28. Bb3 Rxc1 29. Rxc1 Qd2 30. Rd1 Qb4 31. Rd3 Qe7 32. f4 c5 33. d5 exd5 34.
Bxd5 b5 35. Qf5 Kf8 36. fxg5 hxg5 37. e6 Qf6 38. Qh7 Qg6 39. Qxg6 fxg6 40. Rf3+
Ke8 41. Bc6+ Ke7 42. Rf7+ Kd6 43. e7 1-0

[Event "CEDIS Festival saha 2023 - finale"]
[Site "Podgorica"]
[Date "2023.12.10"]
[Round "9.5"]
[White "Zivkovic, Slaven"]
[Black "Svrkota, Milos"]
[Result "0-1"]
[WhiteElo "1900"]
[BlackElo "1518"]
[PlyCount "94"]
[EventDate "2023.12.01"]
[EventType "tourn"]
[EventRounds "9"]
[EventCountry "MNE"]

1. e4 e5 2. Nf3 Nc6 3. Bc4 Nf6 4. Ng5 d5 5. exd5 Na5 6. Bb5+ c6 7. dxc6 bxc6 8.
Bd3 h6 9. Ne4 Nxe4 10. Bxe4 Bd6 11. d3 Bd7 12. Nc3 O-O 13. g4 f5 14. gxf5 Qh4
15. Be3 Bxf5 16. Bxf5 Rxf5 17. Ne4 Bc7 18. Qe2 Nb7 19. O-O-O Nd6 20. Ng3 Rf7
21. d4 Re8 22. d5 cxd5 23. Rxd5 Ne4 24. Nxe4 Qxe4 25. Rhd1 Bb6 26. Rd7 Rxf2 27.
Rxg7+ Kh8 28. Rg4 Qxe3+ 29. Qxe3 Bxe3+ 30. Kb1 Ref8 31. c3 Rf1 32. Rxf1 Rxf1+
33. Kc2 Rf2+ 34. Kb3 Bc1 35. Ra4 Rxb2+ 36. Kc4 Be3 37. Kd5 Rxh2 38. Kxe5 h5 39.
Ra6 Bb6 40. Ra4 Kg7 41. Kf5 Kh6 42. c4 Rf2+ 43. Ke6 Rf4 44. Kd5 h4 45. Ke5 Kg5
46. Rb4 h3 47. Rb3 h2 0-1